[Event "Titled Tuesday intern op 18th Apr Early"]
[Site "Chess.com INT"]
[Date "2023.04.18"]
[Round "9"]
[White "Sandholm, Klas"]
[Black "Clawitter, Craig"]
[Result "1-0"]
[WhiteElo "2206"]
[BlackElo "2050"]
[PlyCount "69"]
[EventDate "2023.04.18"]
[EventType "swiss (blitz)"]
[EventRounds "11"]
[EventCountry "USA"]
[SourceTitle "EXT 2024"]
[Source "ChessBase"]
[SourceDate "2023.10.10"]
[SourceVersion "1"]
[SourceVersionDate "2023.10.10"]
[SourceQuality "1"]

1. d4 e6 2. e4 d5 3. Nd2 Be7 4. Ngf3 Nf6 5. Bd3 c5 6. dxc5 dxe4 7. Nxe4 Nxe4 8. Bxe4 Qxd1+ 9. Kxd1 Bxc5 10. Ke2 Nc6 11. Be3 Bxe3 12. Kxe3 Bd7 13. Rhd1 0-0-0 14. a3 f6 15. c4 Ne7 16. Rd6 Kc7 17. c5 Bc6 18. Rad1 Bxe4 19. Kxe4 Nf5 20. Rxd8 Rxd8 21. Rxd8 Kxd8 22. g4 Ne7 23. Nd4 Kd7 24. f4 Nc6 25. b4 Nxd4 26. Kxd4 Kc6 27. Kc4 a6 28. a4 Kc7 29. b5 a5 30. Kd4 Kd7 31. Ke4 g6 32. h4 h6 33. g5 hxg5 34. hxg5 fxg5 35. fxg5 1-0

[Event "Titled Tuesday intern op 18th Apr Early"]
[Site "Chess.com INT"]
[Date "2023.04.18"]
[Round "3"]
[White "Sandholm, Klas"]
[Black "Urbina Perez, Juan Antonio"]
[Result "0-1"]
[WhiteElo "2206"]
[BlackElo "2266"]
[PlyCount "106"]
[EventDate "2023.04.18"]
[EventType "swiss (blitz)"]
[EventRounds "11"]
[EventCountry "USA"]
[SourceTitle "EXT 2024"]
[Source "ChessBase"]
[SourceDate "2023.10.10"]
[SourceVersion "1"]
[SourceVersionDate "2023.10.10"]
[SourceQuality "1"]

1. d4 d5 2. c4 c6 3. Nf3 Nf6 4. Nc3 a6 5. cxd5 cxd5 6. Bf4 Nc6 7. e3 Bg4 8. Be2 e6 9. h3 Bxf3 10. Bxf3 Bd6 11. Bxd6 Qxd6 12. 0-0 0-0 13. Rc1 Rac8 14. Na4 Nd7 15. Qd2 g6 16. Nc5 Nxc5 17. Rxc5 Rfd8 18. Rfc1 Ne7 19. R1c3 b6 20. Rxc8 Rxc8 21. Qc1 Rxc3 22. Qxc3 Qc6 23. Qxc6 Nxc6 24. Be2 b5 25. Kf1 Kf8 26. Ke1 Ke7 27. Kd2 Kd6 28. Kc3 Kc7 29. h4 h6 30. g4 g5 31. hxg5 hxg5 32. Bd3 Kb6 33. Bh7 Ne7 34. Kb3 a5 35. Kc3 b4+ 36. Kc2 f5 37. f3 Kb5 38. Kd3 a4 39. gxf5 exf5 40. e4 dxe4+ 41. fxe4 f4 42. e5 g4 43. Be4 f3 44. Ke3 Kc4 45. Bd3+ Kd5 46. Be4+ Ke6 47. Bc2 Nd5+ 48. Kf2 Nf4 49. Bxa4 Kd5 50. Bd7 Nd3+ 51. Ke3 f2 52. Ke2 g3 53. Bh3 Nf4+ 0-1

[Event "Titled Tuesday intern op 18th Apr Early"]
[Site "Chess.com INT"]
[Date "2023.04.18"]
[Round "7"]
[White "Szente Varga, Fruzsina"]
[Black "Sandholm, Klas"]
[Result "1-0"]
[WhiteElo "2075"]
[BlackElo "2206"]
[PlyCount "71"]
[EventDate "2023.04.18"]
[EventType "swiss (blitz)"]
[EventRounds "11"]
[EventCountry "USA"]
[SourceTitle "EXT 2024"]
[Source "ChessBase"]
[SourceDate "2023.10.10"]
[SourceVersion "1"]
[SourceVersionDate "2023.10.10"]
[SourceQuality "1"]

1. e4 e5 2. d4 exd4 3. Qxd4 Nf6 4. Nc3 b6 5. Qe3 Bc5 6. Qg3 0-0 7. Bd2 Re8 8. 0-0-0 Nxe4 9. Nxe4 Rxe4 10. Bd3 Re8 11. Bc3 Bf8 12. Nf3 Bb7 13. Bxh7+ Kxh7 14. Ng5+ Kg8 15. Qh4 Qxg5+ 16. Qxg5 d5 17. h4 c5 18. Bf6 Nd7 19. Bc3 d4 20. Bd2 Re5 21. Qg3 Rae8 22. h5 Kh7 23. h6 g6 24. f4 Rf5 25. Rde1 Rxe1+ 26. Rxe1 Nf6 27. Qh3 Rh5 28. Qb3 Bd5 29. Qa4 Bxh6 30. Qxa7 Rh2 31. Qe7 Kg7 32. Rg1 Ne4 33. Qe5+ Nf6 34. f5 Bxd2+ 35. Kxd2 Bxg2 36. Qxh2 1-0